Informe de plaguicidas de El Salvador

Gorde:
Xehetasun bibliografikoak
Formatua: Texto
Argitaratua: s.l.: s.e.
Etiketak: Etiketa erantsi
Etiketarik gabe, Izan zaitez lehena erregistro honi etiketa jartzen!

MARC

LEADER 00000 a a2200000 04500
001 22754
003
040
090 |a 156400  
245 |a Informe de plaguicidas de El Salvador  
260 |a s.l.:   |b s.e.  
300 |a p.irreg.   |b **no definido**   |b map.  
999 |c 15847  |d 15847